Využitie nitritácie a denitritácie pri odstraňovaní dusíka z odpadových vôd
Gespeichert in:
| 1. Verfasser: | |
|---|---|
| Weitere Verfasser: | |
| Format: | Manuskript Buch |
| Sprache: | Slowakisch |
| Veröffentlicht: |
2015
|
| Schlagworte: | |
| Online-Zugang: | http://is.stuba.sk/zp/portal_zp.pl?podrobnosti=92923 |
| Tags: |
Keine Tags, Fügen Sie das erste Tag hinzu!
|
MARC
| LEADER | 00000ntm a22000003a 4500 | ||
|---|---|---|---|
| 001 | stuzp45858 | ||
| 003 | SK-STU | ||
| 005 | 20160719153114.6 | ||
| 007 | ta | ||
| 008 | 150427s2015----xo-----f-mn---000-0-slo-d | ||
| 040 | |a STU |b slo | ||
| 041 | 0 | |a slo | |
| 100 | 1 | |a Ujová, Lucia |u 046290 |4 aut |U FCHPT Ústav chemického a environmentálneho inžinierstva |T FCHPT Oddelenie environmentálneho inžinierstva |X 42916 |U C6290 |Y 120 |7 42916 | |
| 242 | 0 | 1 | |a Use of Nitritation and Denitritation for Nitrogen Removal from Wastewater |y eng |
| 245 | 1 | 0 | |a Využitie nitritácie a denitritácie pri odstraňovaní dusíka z odpadových vôd |
| 260 | |c 2015 | ||
| 650 | 4 | |a inhibícia |2 slo | |
| 650 | 4 | |a nitritácia |2 slo | |
| 650 | 4 | |a dusitany |2 slo | |
| 650 | 4 | |a dusičnany |2 slo | |
| 650 | 4 | |a nitritation |2 eng | |
| 650 | 4 | |a inhibition |2 eng | |
| 650 | 4 | |a nitrites |2 eng | |
| 650 | 4 | |a nitrates |2 eng | |
| 700 | 1 | |a Drtil, Miloslav |4 ths |X 3377 |7 A000003377 | |
| 856 | 4 | |u http://is.stuba.sk/zp/portal_zp.pl?podrobnosti=92923 | |
| SQL | |a stuzp45858 |b DBP |c SLO |d Využitie nitritácie a denitritácie pri odstraňovaní dusíka z odpadových vôd |e 42916 |f Ujová, Lucia |g 046290 |h 3377 |i Drtil, Miloslav |j 20150713 |k 753 |l 04 |m http://is.stuba.sk/zp/portal_zp.pl?podrobnosti=92923 |n B-CHEMAT |o 4.1.14. chémia, 5.2.18. chemické technológie | ||